LEADER 01023nam a2200265 i 4500 001 991001546709707536 005 20020502183756.0 008 961108s1993 it ||| | ita 035 $ab10866437-39ule_inst 035 $aLE02371328$9ExL 040 $aDip.to Studi Storici$bita 082 0 $a711 100 1 $aGregotti, Vittorio$07431 245 13$aLa cittą visibile :$bframmento di disegno della cittą ordinati e catalogati secondo i principi dell'architettura della modificazione contestuale /$cVittorio Gregotti 260 $aTorino :$bEinaudi,$c1993 300 $aXII, 202 p. :$bill. ;$c18 cm. 490 0 $aPiccola Biblioteca Einaudi ;$v595 650 4$aCittą - Architettura 650 4$aUrbanistica 907 $a.b10866437$b23-02-17$c28-06-02 912 $a991001546709707536 945 $aLE023 711 GRE 1 1$g1$i2023000033289$lle023$o-$pE0.00$q-$rn$so $t0$u0$v0$w0$x0$y.i10975184$z28-06-02 996 $aCittą visibile$9351021 997 $aUNISALENTO 998 $ale023$b01-01-96$cm$da $e-$fita$git $h3$i1 LEADER 00817nam a2200229 i 4500 001 991000727149707536 008 041224s1946 it 000 0 ita d 035 $ab1326381x-39ule_inst 040 $aDip.to Studi Giuridici$bita 082 0 $a342.40 100 1 $aLettieri, Luigi R.$0352950 245 13$aLa costituzione inglese /$cLuigi R. Lettieri 260 $aFirenze :$bSansoni,$c1946 300 $a147 p. ;$c18 cm 440 0$aTesti e documenti costituzionali 650 4$aDiritto costituzionale 907 $a.b1326381x$b21-09-06$c24-12-04 912 $a991000727149707536 945 $aLE027 342.40 LET01.01$g1$i2027000063888$lle027$o-$pE26.00$q-$rl$s- $t0$u3$v10$w3$x0$y.i13975572$z24-12-04 996 $aCostituzione inglese$91106278 997 $aUNISALENTO 998 $ale027$b24-12-04$cm$da $e-$fita$git $h0$i0